Online Catalogue and eLibrary

Dedicated lives : (Record no. 1816)

MARC details
000 -LEADER
fixed length control field 00244nam a2200097Ia 4500
008 - FIXED-LENGTH DATA ELEMENTS--GENERAL INFORMATION
fixed length control field 240331s9999 xx 000 0 und d
082 ## - DDC Classification
Item Number - Author Mark OCO
100 ## - MAIN ENTRY--PERSONAL NAME
Personal name O'Connell, H
245 #0 - TITLE STATEMENT
Title Dedicated lives :
Remainder of title women organising for a fairer world
942 ## - Koha item type (Biblio)
Koha item type Books in Stacks (Lending)

No items available.

© WERC Library